[Event "XXIX Miedzynarodowy Festiwal Szachowy CRACOVIA-2018 Grupa A"]
[Site "Krakow, Hotel Galaxy, ul. Gesia 22a"]
[Date "2018.12.31"]
[Round "6.59"]
[White "Musial, Tomasz"]
[Black "Antolak, Julia"]
[Result "0-1"]
[WhiteElo "1995"]
[BlackElo "2183"]
[PlyCount "98"]
[EventDate "2018.??.??"]

1. d4 Nf6 2. c4 g6 3. Nf3 Bg7 4. g3 O-O 5. Bg2 d6 6. O-O Nc6 7. Nc3 Bg4 8. h3
Bxf3 9. Bxf3 Nd7 10. e3 e5 11. d5 Ne7 12. e4 f5 13. h4 f4 14. Bg4 a5 15. h5 Nc5
16. b3 Rf6 17. Bb2 Bh6 18. Kg2 Qf8 19. Bf3 Qg7 20. a3 Raf8 21. b4 axb4 22. axb4
Na6 23. Qb3 gxh5 24. Ne2 Ng6 25. Kh2 fxg3+ 26. fxg3 h4 27. g4 Nxb4 28. Bg2 Rxf1
29. Rxf1 Rxf1 30. Bxf1 Qf7 31. Bg2 Nf4 32. Nxf4 Qxf4+ 33. Kh1 Qd2 34. g5 Bxg5
35. Qh3 Qe1+ 36. Bf1 Qxe4+ 37. Bg2 Qb1+ 38. Bf1 Qxb2 39. Qc8+ Kg7 40. Qxc7+ Kg6
41. Qxd6+ Bf6 42. Qb6 Qb1 43. Qg1+ Bg5 44. d6 Qe4+ 45. Bg2 Qe3 46. Qxe3 Bxe3
47. d7 Bg5 48. Bxb7 Kf7 49. Be4 h6 0-1

[Event "XXIX Miedzynarodowy Festiwal Szachowy CRACOVIA-2018 Grupa A"]
[Site "Krakow, Hotel Galaxy, ul. Gesia 22a"]
[Date "2018.12.31"]
[Round "6.62"]
[White "Gokhale, Anupama"]
[Black "Den Boer, Lennard"]
[Result "0-1"]
[Annotator "Leszek"]
[PlyCount "62"]
[EventDate "2018.??.??"]

{[WhiteElo "2009"] [BlackElo "2173"]} 1. d4 e6 2. c4 f5 3. g3 Nf6 4. Bg2 d5 5.
Nf3 c6 6. O-O Bd6 7. b3 Qe7 8. Bb2 O-O 9. Nbd2 b6 10. Ne5 Bb7 11. cxd5 cxd5 12.
Rc1 Na6 13. Nd3 Rac8 14. Nf3 Rxc1 15. Qxc1 Nb4 16. Nxb4 Bxb4 17. Ne5 Rc8 18.
Qb1 Ne4 19. Rc1 Qd8 20. e3 Bd6 21. Nd3 Ba6 22. f3 Rxc1+ 23. Nxc1 Nxg3 24. hxg3
Qg5 25. Qc2 Qxg3 26. Nd3 Qh2+ 27. Kf1 h5 28. Qe2 h4 29. f4 h3 30. Bf3 Qg3 31.
Bh1 Bb4 0-1

[Event "XXIX Miedzynarodowy Festiwal Szachowy CRACOVIA-2018 Grupa A"]
[Site "Krakow, Hotel Galaxy, ul. Gesia 22a"]
[Date "2018.12.31"]
[Round "6.63"]
[White "Mirski, Michal"]
[Black "Fiedorek, Michal"]
[Result "0-1"]
[WhiteElo "2011"]
[BlackElo "2178"]
[Annotator "Leszek"]
[PlyCount "139"]
[EventDate "2018.??.??"]

1. e4 c5 2. Nf3 d6 3. d4 cxd4 4. Nxd4 Nf6 5. f3 e5 6. Nb3 a5 7. a4 Be7 8. c4
O-O 9. Be3 Be6 10. Nc3 Nc6 11. Be2 Nh5 12. O-O Bg5 13. Bf2 Nf4 14. Nd5 Bxd5 15.
cxd5 Nb4 16. Nd2 Nbd3 17. Bxd3 Nxd3 18. Nc4 Nxf2 19. Rxf2 Qc7 20. b3 f5 21.
exf5 Rxf5 22. Qd3 g6 23. g3 Raf8 24. Kg2 Qc5 25. Re1 Kg7 26. Re4 h5 27. h4 Bh6
28. Nb2 g5 29. hxg5 Rxg5 30. Rc2 Qb6 31. Qb5 Qd8 32. Qxb7+ Rf7 33. Qc8 Qf6 34.
Rc3 Rf5 35. Qe6 Rxf3 36. Qxf6+ R3xf6 37. Nc4 Rf2+ 38. Kh3 Bd2 39. Rd3 Bb4 40.
Kh4 Kg6 41. Kh3 Kf5 42. Ree3 e4 43. Rd4 Re7 44. Rd1 Bc5 45. Ree1 e3 46. Nxa5 e2
47. Rb1 Rf3 48. Kg2 Ree3 49. b4 Rxg3+ 50. Kf2 Rgf3+ 51. Kg2 Rg3+ 52. Kf2 Rgf3+
53. Kg2 Bd4 54. Nc6 Rg3+ 55. Kf2 Bc3 56. a5 Bxe1+ 57. Rxe1 Rgf3+ 58. Kg2 Kg4
59. Nd4 Rf4 60. Nxe2 Rxb4 61. Kf2 Rf3+ 62. Kg2 Ra3 63. Rg1 Rxa5 64. Kf2+ Kf5
65. Ng3+ Ke5 66. Nxh5 Rb2+ 67. Kf3 Rb3+ 68. Kg2 Kxd5 69. Nf4+ Kc4 70. Rc1+ {
Zapis nieczytelny} 0-1

[Event "XXIX Miedzynarodowy Festiwal Szachowy CRACOVIA-2018 Grupa A"]
[Site "Krakow, Hotel Galaxy, ul. Gesia 22a"]
[Date "2018.12.31"]
[Round "6.64"]
[White "Wisniewski, Michal"]
[Black "Meers, Hubert"]
[Result "1-0"]
[WhiteElo "2161"]
[BlackElo "2009"]
[PlyCount "91"]
[EventDate "2018.??.??"]

1. Nf3 Nf6 2. d4 g6 3. Bf4 Bg7 4. e3 d6 5. h3 O-O 6. Bh2 Nbd7 7. Bc4 b6 8. O-O
Bb7 9. Nbd2 c5 10. c3 Rc8 11. Re1 Rc7 12. Qb3 Qa8 13. Ng5 Bd5 14. Bxd5 Qxd5 15.
Qxd5 Nxd5 16. e4 cxd4 17. exd5 dxc3 18. bxc3 Bxc3 19. Rad1 Nf6 20. Rf1 Nxd5 21.
Nde4 Nf6 22. Nxd6 exd6 23. Bxd6 Rd7 24. Bxf8 Rxd1 25. Rxd1 Kxf8 26. Rd8+ Kg7
27. Rc8 Bd2 28. Nf3 Bf4 29. g3 Bd6 30. Rc6 Bc5 31. Rc7 Ne4 32. Kg2 a5 33. Ne5
Nd6 34. Nd7 Nb5 35. Rb7 Nc3 36. Nxc5 bxc5 37. Rb2 Nd5 38. Rb5 Nb4 39. Rxa5 c4
40. a3 Na2 41. Rc5 c3 42. a4 h6 43. a5 h5 44. a6 c2 45. Rxc2 Nb4 46. a7 1-0

[Event "XXIX Miedzynarodowy Festiwal Szachowy CRACOVIA-2018 Grupa A"]
[Site "Krakow, Hotel Galaxy, ul. Gesia 22a"]
[Date "2018.12.31"]
[Round "6.65"]
[White "Rudzinska, Michalina"]
[Black "Rasmussen, Jonas H"]
[Result "1-0"]
[Annotator "Leszek"]
[PlyCount "79"]
[EventDate "2018.??.??"]

{[WhiteElo "2141"] [BlackElo "1982"]} 1. e4 e5 2. Nf3 Nc6 3. Bb5 f5 4. Nc3 fxe4
5. Nxe4 Nf6 6. Nxf6+ Qxf6 7. Qe2 Be7 8. O-O O-O 9. Bxc6 dxc6 10. Nxe5 Be6 11.
d4 Bd6 12. f4 c5 13. Be3 cxd4 14. Bxd4 Bxe5 15. Bxe5 Qf7 16. b3 c6 17. Rad1
Rad8 18. Qf2 a6 19. Qh4 Rxd1 20. Rxd1 Qg6 21. Rd3 Qe4 22. h3 Qf5 23. Rg3 g6 24.
Qh6 Rf7 25. c3 Qc2 26. Kh2 Bf5 27. Bd4 Bd7 28. h4 Qf5 29. Be5 Qe4 30. h5 Bf5
31. Bd4 Qe6 32. Re3 Qd7 33. hxg6 Bxg6 34. g4 Re7 35. f5 Rxe3 36. Qxe3 Bf7 37.
Qg5+ Kf8 38. Qg7+ Ke8 39. Qh8+ Ke7 40. Bc5+ 1-0

[Event "XXIX Miedzynarodowy Festiwal Szachowy CRACOVIA-2018 Grupa A"]
[Site "Krakow, Hotel Galaxy, ul. Gesia 22a"]
[Date "2018.12.31"]
[Round "6.66"]
[White "Parol, Pola"]
[Black "Rosol, Alexander"]
[Result "1-0"]
[Annotator "Leszek"]
[PlyCount "67"]
[EventDate "2018.??.??"]

{[WhiteElo "2114"] [BlackElo "1972"]} 1. e4 d6 2. d4 Nf6 3. Nc3 Nbd7 4. Nf3 e5
5. Bc4 Be7 6. O-O c6 7. a4 Qc7 8. Re1 h6 9. h3 Nf8 10. Ba2 g5 11. Nh2 Ng6 12.
Be3 Nf4 13. Qf3 h5 14. Bxf4 gxf4 15. Rad1 Rg8 16. Kh1 Ng4 17. Ne2 Bh4 18. Rf1
Nxh2 19. Kxh2 Bg4 20. hxg4 hxg4 21. Qb3 Rh8 22. Kg1 f3 23. Ng3 fxg2 24. Kxg2
Bf6 25. dxe5 Bxe5 26. Rh1 O-O-O 27. Rxh8 Rxh8 28. Rh1 Rf8 29. Rh7 Bxg3 30. Qxg3
Kb8 31. Qxg4 Qe7 32. Rg7 Qe8 33. Qf4 Qd7 34. Qf5 1-0

[Event "XXIX Miedzynarodowy Festiwal Szachowy CRACOVIA-2018 Grupa A"]
[Site "Krakow, Hotel Galaxy, ul. Gesia 22a"]
[Date "2018.12.31"]
[Round "6.67"]
[White "Swiech, Joanna"]
[Black "Golecki, Jan"]
[Result "1/2-1/2"]
[WhiteElo "1965"]
[BlackElo "2064"]
[PlyCount "102"]
[EventDate "2018.??.??"]

1. d4 d5 2. c4 e6 3. a3 Nf6 4. Nc3 Nbd7 5. Bg5 Be7 6. e3 h6 7. Bh4 O-O 8. Nf3
Ne4 9. Bxe7 Qxe7 10. Qc2 Nxc3 11. Qxc3 c6 12. Bd3 dxc4 13. Bxc4 b6 14. O-O Bb7
15. Rfd1 Rac8 16. Ne5 Nxe5 17. dxe5 Rfd8 18. f4 c5 19. Qc2 a6 20. a4 Qe8 21. b3
Rxd1+ 22. Rxd1 b5 23. axb5 axb5 24. Be2 Qc6 25. Bf3 Qc7 26. Be2 Qb6 27. Rd6 Qa5
28. Kf2 c4 29. bxc4 bxc4 30. Rd1 c3 31. Rc1 Bd5 32. Bd3 Kf8 33. e4 Qb6+ 34. Kf3
Bb3 35. Qb1 Qd4 36. Bc2 Bxc2 37. Qxc2 Qc4 38. Ke3 Rb8 39. Qd3 Qc5+ 40. Kf3 Rc8
41. Rc2 Kg8 42. Ke2 Qg1 43. Kf3 Qc5 44. Ke2 Qb4 45. Kf3 Kh7 46. Rc1 Qa3 47. Rc2
Qb3 48. Ke3 Qb1 49. Ke2 Rc4 50. h3 Qb3 51. Ke3 Qb1 1/2-1/2

[Event "XXIX Miedzynarodowy Festiwal Szachowy CRACOVIA-2018 Grupa A"]
[Site "Krakow, Hotel Galaxy, ul. Gesia 22a"]
[Date "2018.12.31"]
[Round "6.68"]
[White "Kulesza, Andrzej"]
[Black "Wikar, Martyna"]
[Result "0-1"]
[WhiteElo "1934"]
[BlackElo "2016"]
[PlyCount "66"]
[EventDate "2018.??.??"]

1. e4 c5 2. Nf3 Nc6 3. d4 cxd4 4. Nxd4 Nf6 5. Nc3 e5 6. Ndb5 d6 7. Bg5 a6 8.
Na3 b5 9. Nd5 Be7 10. Bxf6 Bxf6 11. c3 Bg5 12. Nc2 Rb8 13. a4 O-O 14. axb5 axb5
15. Bd3 f5 16. exf5 Bxf5 17. O-O e4 18. Be2 Qd7 19. Ncb4 Ne5 20. Qd4 Qf7 21. f4
exf3 22. Bxf3 Qg6 23. Kh1 Rbe8 24. Nf4 Qh6 25. Nfd3 Be3 26. Qd5+ Kh8 27. Rae1
Nc4 28. Be4 Be6 29. Qxb5 Nd2 30. Rxf8+ Rxf8 31. Bc6 Nf1 32. h3 Bxh3 33. Rxf1
Bf5# 0-1

[Event "XXIX Miedzynarodowy Festiwal Szachowy CRACOVIA-2018 Grupa A"]
[Site "Krakow, Hotel Galaxy, ul. Gesia 22a"]
[Date "2018.12.31"]
[Round "6.69"]
[White "Hemmerling, Jaroslaw"]
[Black "Patil, Mitali"]
[Result "0-1"]
[WhiteElo "1940"]
[BlackElo "2081"]
[PlyCount "64"]
[EventDate "2018.??.??"]

1. Nf3 Nf6 2. g3 g6 3. Bg2 Bg7 4. O-O O-O 5. d4 d6 6. c4 Nc6 7. Nc3 a6 8. a3 e5
9. h3 exd4 10. Nxd4 Bd7 11. Nxc6 bxc6 12. Bg5 Qc8 13. Kh2 Rb8 14. Qc2 a5 15. e4
Be6 16. b3 Nd7 17. Rab1 f5 18. f3 Qa6 19. Bd2 fxe4 20. fxe4 Rxf1 21. Bxf1 Qb6
22. Bf4 Qc5 23. Na4 Qxa3 24. Bc1 Qb4 25. Bd2 Qb7 26. Bxa5 Qa7 27. Bc3 Rf8 28.
Bg2 Rf2 29. Qc1 Ne5 30. Rb2 Nf3+ 31. Kh1 Bxc3 32. Qxc3 Rf1+ 0-1

[Event "XXIX Miedzynarodowy Festiwal Szachowy CRACOVIA-2018 Grupa A"]
[Site "Krakow, Hotel Galaxy, ul. Gesia 22a"]
[Date "2018.12.31"]
[Round "6.41"]
[White "Dwilewicz, Katarzyna"]
[Black "Bombek, Peter"]
[Result "1/2-1/2"]
[WhiteElo "2027"]
[BlackElo "2205"]
[PlyCount "50"]
[EventDate "2018.??.??"]

1. e4 e6 2. d4 d5 3. Nc3 Nf6 4. e5 Nfd7 5. f4 c5 6. Nf3 Nc6 7. Be3 Be7 8. Qd2
O-O 9. h4 cxd4 10. Nxd4 Nxd4 11. Bxd4 f6 12. exf6 Bxf6 13. O-O-O Bxd4 14. Qxd4
Qf6 15. g3 b6 16. Bh3 Nc5 17. Qxf6 Rxf6 18. Rhe1 g6 19. a3 a5 20. b3 Bd7 21.
Kb2 Ra7 22. Rd4 Rc7 23. Re3 h5 24. Re5 Kg7 25. Rd2 Nb7 1/2-1/2

[Event "XXIX Miedzynarodowy Festiwal Szachowy CRACOVIA-2018 Grupa A"]
[Site "Krakow, Hotel Galaxy, ul. Gesia 22a"]
[Date "2018.12.31"]
[Round "6.58"]
[White "Chyzy, Jakub"]
[Black "Kumala, Aleksander"]
[Result "0-1"]
[WhiteElo "2045"]
[BlackElo "2198"]
[Annotator "Leszek"]
[PlyCount "66"]
[EventDate "2018.??.??"]

1. e4 e6 2. d4 d5 3. e5 c5 4. c3 Nc6 5. Nf3 Nh6 6. Bd3 Nf5 7. dxc5 Nh4 8. Nxh4
Qxh4 9. Qe2 Bxc5 10. O-O f6 11. g3 Qh3 12. exf6 gxf6 13. b4 Bd6 14. Nd2 h5 15.
Re1 h4 16. Nf1 Bd7 17. Bg6+ Ke7 18. Bc2 Rag8 19. Be3 hxg3 20. fxg3 Bxg3 21.
hxg3 Qh1+ 22. Kf2 Ne5 23. Rec1 Rxg3 24. Bc5+ Kf7 25. Nxg3 Rh2+ 26. Ke3 Rxe2+
27. Nxe2 Qh3+ 28. Kf2 $11 Qh4+ 29. Ke3 b6 30. Bd4 Nc4+ 31. Kf3 e5 32. Rh1 Bh3
33. Rag1 e4+ 0-1

[Event "XXIX Miedzynarodowy Festiwal Szachowy CRACOVIA-2018 Grupa A"]
[Site "Krakow, Hotel Galaxy, ul. Gesia 22a"]
[Date "2018.12.31"]
[Round "6.57"]
[White "Nurkiewicz, Maciej"]
[Black "Golenia, Jan"]
[Result "1-0"]
[WhiteElo "2359"]
[BlackElo "2059"]
[PlyCount "67"]
[EventDate "2018.??.??"]

1. e4 e5 2. Nf3 Nc6 3. Bb5 a6 4. Ba4 Nf6 5. O-O b5 6. Bb3 Bc5 7. d3 d6 8. a4
Bb7 9. Nc3 b4 10. Ne2 O-O 11. a5 d5 12. exd5 Nxd5 13. Ng3 Nd4 14. Nxd4 Bxd4 15.
Nf5 Qf6 16. Qg4 Bc8 17. Bxd5 Bxf5 18. Qf3 Rad8 19. Bc4 Qg6 20. Qg3 Qc6 21. Bg5
Rd6 22. c3 bxc3 23. bxc3 Ba7 24. Qxe5 Be6 25. Be7 f6 26. Qg3 Bxc4 27. Bxd6 cxd6
28. dxc4 Qxc4 29. Qxd6 Qxc3 30. Qxa6 Bxf2+ 31. Kh1 Qd4 32. Qb7 Qh4 33. a6 Bg3
34. Qb3+ 1-0

[Event "XXIX Miedzynarodowy Festiwal Szachowy CRACOVIA-2018 Grupa A"]
[Site "Krakow, Hotel Galaxy, ul. Gesia 22a"]
[Date "2019.01.02"]
[Round "7.2"]
[White "Gumularz, Szymon"]
[Black "Eggink, Ryszard"]
[Result "1/2-1/2"]
[BlackElo "2343"]
[WhiteElo "2462"]
[LiveChessVersion "1.4.8"]

1. e4 {[%clk 1:30:51]} c5 {[%clk 1:30:52]} 2. Nf3 {[%clk 1:31:08]} d6
{[%clk 1:31:16]} 3. d4 {[%clk 1:31:14]} cxd4 {[%clk 1:31:41]} 4. Nxd4
{[%clk 1:31:39]} Nf6 {[%clk 1:32:07]} 5. Nc3 {[%clk 1:32:06]} a6 {[%clk 1:32:33]}
6. h3 {[%clk 1:30:00]} e6 {[%clk 1:31:53]} 7. g4 {[%clk 1:30:10]} Nc6
{[%clk 1:32:10]} 8. g5 {[%clk 1:24:20]} Nd7 {[%clk 1:32:31]} 9. Be3
{[%clk 1:24:24]} Be7 {[%clk 1:30:28]} 10. h4 {[%clk 1:24:32]} Qc7
{[%clk 1:28:05]} 11. h5 {[%clk 1:23:44]} b5 {[%clk 1:21:54]} 12. Nxc6
{[%clk 1:22:02]} Qxc6 {[%clk 1:22:22]} 13. Qd4 {[%clk 1:22:26]} e5
{[%clk 1:13:35]} 14. Qd2 {[%clk 1:21:32]} f5 {[%clk 1:05:56]} 15. f4
{[%clk 1:15:08]} exf4 {[%clk 0:58:28]} 16. Bxf4 {[%clk 1:14:57]} Nc5
{[%clk 0:47:36]} 17. O-O-O {[%clk 1:05:48]} fxe4 {[%clk 0:40:26]} 18. Nd5
{[%clk 1:00:31]} Ra7 {[%clk 0:27:04]} 19. Qc3 {[%clk 0:56:41]} Bd8
{[%clk 0:23:36]} 20. h6 {[%clk 0:43:44]} O-O {[%clk 0:22:45]} 21. Nb4
{[%clk 0:40:45]} Qe8 {[%clk 0:20:12]} 22. Bxd6 {[%clk 0:39:32]} Na4
{[%clk 0:18:42]} 23. Qd4 {[%clk 0:36:33]} Bxg5+ {[%clk 0:16:49]} 24. Kb1
{[%clk 0:36:15]} Rff7 {[%clk 0:17:15]} 25. Bg2 {[%clk 0:33:10]} 1/2-1/2

[Event "XXIX Miedzynarodowy Festiwal Szachowy CRACOVIA-2018 Grupa A"]
[Site "Krakow, Hotel Galaxy, ul. Gesia 22a"]
[Date "2019.01.02"]
[Round "7.3"]
[White "Dietmayer-kraeutler, Marco"]
[Black "Klekowski, Maciej"]
[Result "1-0"]
[BlackElo "2499"]
[WhiteElo "2311"]
[LiveChessVersion "1.4.8"]

1. d4 {[%clk 1:30:25]} f5 {[%clk 1:30:05]} 2. c4 {[%clk 1:30:11]} Nf6
{[%clk 1:30:27]} 3. Nc3 {[%clk 1:30:33]} e6 {[%clk 1:30:43]} 4. Nf3
{[%clk 1:30:41]} Bb4 {[%clk 1:30:09]} 5. Qc2 {[%clk 1:27:30]} b6 {[%clk 1:29:14]}
6. a3 {[%clk 1:26:43]} Bxc3+ {[%clk 1:29:37]} 7. Qxc3 {[%clk 1:27:11]} Bb7
{[%clk 1:30:01]} 8. g3 {[%clk 1:22:45]} d6 {[%clk 1:27:51]} 9. Bg2
{[%clk 1:22:37]} Nbd7 {[%clk 1:28:03]} 10. O-O {[%clk 1:21:51]} Qe7
{[%clk 1:28:02]} 11. b4 {[%clk 1:21:32]} O-O {[%clk 1:23:51]} 12. Bb2
{[%clk 1:15:20]} Rae8 {[%clk 1:16:16]} 13. a4 {[%clk 1:14:00]} Ne4
{[%clk 1:07:55]} 14. Qc2 {[%clk 1:09:09]} c5 {[%clk 1:04:30]} 15. dxc5
{[%clk 1:01:17]} bxc5 {[%clk 1:04:53]} 16. b5 {[%clk 1:01:38]} Ndf6
{[%clk 1:03:37]} 17. a5 {[%clk 0:58:47]} f4 {[%clk 0:52:40]} 18. a6
{[%clk 0:54:46]} Ba8 {[%clk 0:48:46]} 19. gxf4 {[%clk 0:51:34]} Nh5
{[%clk 0:48:40]} 20. e3 {[%clk 0:51:27]} e5 {[%clk 0:41:43]} 21. fxe5
{[%clk 0:36:11]} Rxf3 {[%clk 0:13:20]} 22. Bxf3 {[%clk 0:36:35]} Qg5+
{[%clk 0:13:43]} 23. Kh1 {[%clk 0:35:50]} Qf5 {[%clk 0:13:58]} 24. Qd1
{[%clk 0:32:13]} Nc3 {[%clk 0:14:00]} 25. Bxa8 {[%clk 0:31:37]} Nxd1
{[%clk 0:14:21]} 26. Bd5+ {[%clk 0:32:01]} Kh8 {[%clk 0:13:36]} 27. Raxd1
{[%clk 0:31:05]} dxe5 {[%clk 0:13:28]} 28. Rd2 {[%clk 0:22:25]} Nf6
{[%clk 0:13:14]} 29. Bg2 {[%clk 0:19:53]} Qe6 {[%clk 0:10:45]} 30. Rfd1
{[%clk 0:18:05]} h5 {[%clk 0:09:24]} 31. Rd8 {[%clk 0:14:58]} Rxd8
{[%clk 0:09:46]} 32. Rxd8+ {[%clk 0:15:26]} Kh7 {[%clk 0:10:12]} 33. h3
{[%clk 0:14:28]} e4 {[%clk 0:06:31]} 34. Ra8 {[%clk 0:10:52]} Qe7
{[%clk 0:04:29]} 35. Rb8 {[%clk 0:09:27]} Qd6 {[%clk 0:03:47]} 36. Rb7
{[%clk 0:09:06]} Qd1+ {[%clk 0:04:06]} 37. Kh2 {[%clk 0:09:28]} Ng4+
{[%clk 0:03:10]} 38. hxg4 {[%clk 0:08:01]} Qd6+ {[%clk 0:03:37]} 39. Kh3
{[%clk 0:05:58]} hxg4+ {[%clk 0:04:03]} 40. Kh4 {[%clk 0:36:18]} Qh2+
{[%clk 0:31:04]} 41. Kg5 {[%clk 0:36:14]} Qh6+ {[%clk 0:31:20]} 42. Kf5
{[%clk 0:35:51]} Qg6+ {[%clk 0:26:33]} 43. Kf4 {[%clk 0:36:15]} Kh6
{[%clk 0:26:56]} 44. Rxg7 {[%clk 0:30:28]} Qh5 {[%clk 0:26:45]} 45. Kg3
{[%clk 0:27:01]} Qe8 {[%clk 0:27:07]} 46. Rxg4 {[%clk 0:26:07]} Qb8+
{[%clk 0:26:37]} 47. Kh3 {[%clk 0:25:27]} Kh5 {[%clk 0:26:13]} 48. Bxe4
{[%clk 0:23:27]} Qf8 {[%clk 0:26:15]} 49. Rh4+ {[%clk 0:23:14]} Kg5
{[%clk 0:26:41]} 50. f4+ {[%clk 0:23:37]} Qxf4 {[%clk 0:27:09]} 51. exf4#
{[%clk 0:24:01]} 1-0

[Event "XXIX Miedzynarodowy Festiwal Szachowy CRACOVIA-2018 Grupa A"]
[Site "Krakow, Hotel Galaxy, ul. Gesia 22a"]
[Date "2019.01.02"]
[Round "7.4"]
[White "Cukrowski, Filip"]
[Black "Galperin, Platon"]
[Result "1-0"]
[BlackElo "2363"]
[WhiteElo "2416"]
[LiveChessVersion "1.4.8"]

1. e4 {[%clk 1:30:59]} c6 {[%clk 1:24:45]} 2. d4 {[%clk 1:31:18]} d5
{[%clk 1:25:12]} 3. Nc3 {[%clk 1:31:39]} dxe4 {[%clk 1:25:32]} 4. Nxe4
{[%clk 1:32:01]} Nf6 {[%clk 1:26:00]} 5. Nxf6+ {[%clk 1:32:19]} exf6
{[%clk 1:26:28]} 6. c3 {[%clk 1:32:37]} Bd6 {[%clk 1:26:37]} 7. Bd3
{[%clk 1:32:59]} O-O {[%clk 1:27:03]} 8. Qc2 {[%clk 1:33:21]} Re8+
{[%clk 1:27:32]} 9. Ne2 {[%clk 1:33:42]} h5 {[%clk 1:27:59]} 10. Be3
{[%clk 1:34:03]} Nd7 {[%clk 1:28:15]} 11. O-O-O {[%clk 1:34:17]} Nf8
{[%clk 1:28:04]} 12. Ng3 {[%clk 1:33:21]} Be6 {[%clk 1:20:22]} 13. Kb1
{[%clk 1:33:37]} g6 {[%clk 1:20:35]} 14. Rhe1 {[%clk 1:32:23]} b5
{[%clk 0:59:08]} 15. Bh6 {[%clk 1:20:43]} f5 {[%clk 0:54:48]} 16. d5
{[%clk 1:20:02]} Bxd5 {[%clk 0:53:15]} 17. c4 {[%clk 1:20:26]} bxc4
{[%clk 0:49:44]} 18. Qc3 {[%clk 1:16:42]} f6 {[%clk 0:48:51]} 19. Bxc4
{[%clk 1:08:10]} Kh7 {[%clk 0:35:28]} 20. Rxe8 {[%clk 1:05:20]} Qxe8
{[%clk 0:35:57]} 21. Bxd5 {[%clk 1:05:34]} cxd5 {[%clk 0:35:47]} 22. Qxf6
{[%clk 1:05:06]} Be5 {[%clk 0:29:38]} 23. Qxf8 {[%clk 1:03:31]} Qxf8
{[%clk 0:30:04]} 24. Bxf8 {[%clk 1:03:53]} Rxf8 {[%clk 0:30:33]} 25. Rxd5
{[%clk 1:04:14]} Re8 {[%clk 0:30:59]} 26. Kc2 {[%clk 0:51:51]} h4
{[%clk 0:12:20]} 27. Nf1 {[%clk 0:51:52]} Bf4 {[%clk 0:12:01]} 28. Kd1
{[%clk 0:52:07]} Rc8 {[%clk 0:12:28]} 29. g3 {[%clk 0:52:05]} Rc1+
{[%clk 0:10:57]} 30. Ke2 {[%clk 0:52:30]} Rc2+ {[%clk 0:09:50]} 31. Kf3
{[%clk 0:52:54]} Bg5 {[%clk 0:09:57]} 32. gxh4 {[%clk 0:50:49]} Bxh4
{[%clk 0:09:17]} 33. Rd2 {[%clk 0:51:16]} Rc7 {[%clk 0:09:27]} 34. Ne3
{[%clk 0:51:41]} Kh6 {[%clk 0:09:44]} 35. Nd5 {[%clk 0:50:53]} Rc1
{[%clk 0:09:06]} 36. Kg2 {[%clk 0:51:13]} a5 {[%clk 0:06:36]} 37. a3
{[%clk 0:51:03]} Rc5 {[%clk 0:05:33]} 38. Rd4 {[%clk 0:48:08]} Bg5
{[%clk 0:05:29]} 39. f4 {[%clk 0:47:40]} Rc2+ {[%clk 0:00:52]} 40. Kg3
{[%clk 1:18:04]} Bd8 {[%clk 0:30:55]} 41. Ne3 {[%clk 1:16:58]} Rc8
{[%clk 0:31:18]} 42. Rd6 {[%clk 1:16:30]} Kg7 {[%clk 8:17:48]} 43. Nd5
{[%clk 1:15:07]} Kf7 {[%clk 0:26:17]} 44. b4 {[%clk 1:14:47]} axb4
{[%clk 0:26:32]} 45. axb4 {[%clk 1:15:13]} Ra8 {[%clk 0:26:21]} 46. b5
{[%clk 1:14:28]} Ra3+ {[%clk 0:25:45]} 47. Kg2 {[%clk 1:14:52]} Ba5
{[%clk 0:24:56]} 48. Rf6+ {[%clk 1:14:38]} Kg7 {[%clk 0:25:12]} 49. Ra6
{[%clk 1:14:46]} Rd3 {[%clk 0:24:15]} 50. Ra7+ {[%clk 1:15:03]} Kf8
{[%clk 0:24:36]} 51. Ne7 {[%clk 1:07:20]} Rd2+ {[%clk 0:24:33]} 52. Kf3
{[%clk 1:07:45]} Bd8 {[%clk 0:22:35]} 53. Nxg6+ {[%clk 1:07:48]} Ke8
{[%clk 0:23:03]} 54. Ne5 {[%clk 1:06:17]} Bb6 {[%clk 0:19:29]} 55. Rb7
{[%clk 1:06:29]} Bc5 {[%clk 0:19:04]} 56. h4 {[%clk 1:04:35]} 1-0

[Event "XXIX Miedzynarodowy Festiwal Szachowy CRACOVIA-2018 Grupa A"]
[Site "Krakow, Hotel Galaxy, ul. Gesia 22a"]
[Date "2019.01.02"]
[Round "7.5"]
[White "Marczuk, Dominik"]
[Black "Grib, Roman"]
[Result "0-1"]
[BlackElo "2412"]
[WhiteElo "2274"]
[LiveChessVersion "1.4.8"]

1. f4 {[%clk 1:30:56]} c5 {[%clk 1:30:41]} 2. Nf3 {[%clk 1:31:23]} Nc6
{[%clk 1:30:58]} 3. g3 {[%clk 1:30:47]} g6 {[%clk 1:31:12]} 4. Bg2
{[%clk 1:31:06]} Bg7 {[%clk 1:31:36]} 5. O-O {[%clk 1:30:38]} d5 {[%clk 1:27:12]}
6. d3 {[%clk 1:30:45]} Nf6 {[%clk 1:26:27]} 7. Qe1 {[%clk 1:30:29]} d4
{[%clk 1:26:37]} 8. Na3 {[%clk 1:29:10]} O-O {[%clk 1:26:14]} 9. c3
{[%clk 1:28:30]} Nd5 {[%clk 1:20:45]} 10. Bd2 {[%clk 1:28:43]} e5
{[%clk 1:12:13]} 11. fxe5 {[%clk 1:28:43]} Nxe5 {[%clk 1:12:34]} 12. Nxe5
{[%clk 1:29:09]} Bxe5 {[%clk 1:13:02]} 13. Nc2 {[%clk 1:28:17]} h5
{[%clk 0:40:27]} 14. c4 {[%clk 1:23:50]} Nf6 {[%clk 0:37:02]} 15. Bg5
{[%clk 1:12:27]} a5 {[%clk 0:29:51]} 16. Na3 {[%clk 0:58:42]} Qb6
{[%clk 0:24:08]} 17. h3 {[%clk 0:54:12]} Bd7 {[%clk 0:21:18]} 18. Qf2
{[%clk 0:45:20]} Ra6 {[%clk 0:21:03]} 19. Rab1 {[%clk 0:43:28]} Qc7
{[%clk 0:17:08]} 20. Bf4 {[%clk 0:32:25]} Re8 {[%clk 0:13:19]} 21. Bxe5
{[%clk 0:16:04]} Rxe5 {[%clk 0:11:55]} 22. Nc2 {[%clk 0:16:01]} Rae6
{[%clk 0:06:57]} 23. Rbe1 {[%clk 0:14:37]} Rf5 {[%clk 0:06:17]} 24. Bf3
{[%clk 0:14:54]} Ng4 {[%clk 0:05:00]} 25. hxg4 {[%clk 0:13:48]} hxg4
{[%clk 0:05:29]} 26. Qg2 {[%clk 0:13:08]} gxf3 {[%clk 0:05:53]} 27. exf3
{[%clk 0:13:29]} Rxe1 {[%clk 0:06:03]} 28. Nxe1 {[%clk 0:09:57]} Bc6
{[%clk 0:06:30]} 29. g4 {[%clk 0:09:36]} Re5 {[%clk 0:05:47]} 30. Qg3
{[%clk 0:09:08]} Qe7 {[%clk 0:06:04]} 31. Ng2 {[%clk 0:08:26]} g5
{[%clk 0:03:52]} 32. Rf2 {[%clk 0:08:18]} Kg7 {[%clk 0:03:24]} 33. Kh2
{[%clk 0:03:42]} Re2 {[%clk 0:03:15]} 34. Kg1 {[%clk 0:03:38]} b5
{[%clk 0:03:07]} 35. b3 {[%clk 0:03:46]} a4 {[%clk 0:02:05]} 36. Kf1
{[%clk 0:03:23]} Re5 {[%clk 0:01:28]} 37. Kg1 {[%clk 0:03:28]} a3
{[%clk 0:00:53]} 38. Kh2 {[%clk 0:01:32]} Re2 {[%clk 0:01:06]} 39. Kg1
{[%clk 0:01:36]} bxc4 {[%clk 0:01:16]} 40. bxc4 {[%clk 0:31:59]} Rxf2
{[%clk 0:31:01]} 41. Kxf2 {[%clk 0:14:21]} Ba4 {[%clk 0:29:45]} 42. Qb8
{[%clk 0:13:14]} Bc2 {[%clk 0:24:58]} 43. f4 {[%clk 0:07:40]} Bxd3
{[%clk 0:23:23]} 44. fxg5 {[%clk 0:07:58]} Bxc4 {[%clk 0:22:10]} 45. Nf4
{[%clk 0:07:26]} Qe3+ {[%clk 0:21:10]} 46. Kg2 {[%clk 0:07:47]} Qd2+
{[%clk 0:05:05]} 47. Kf3 {[%clk 0:02:17]} Qc3+ {[%clk 0:05:25]} 48. Ke4
{[%clk 0:00:42]} Qe3+ {[%clk 0:05:50]} 0-1